All the Songs from 'Cabaret' - Statistics

General Stats
  • This quiz has been taken 11 times
  • The average score is 11 of 18
Answer Stats
Songs % Correct
Cabaret
100%
Willkommen
100%
Mein Herr
90%
Don't Tell Mama
80%
If You Could See Her
80%
Money
80%
Two Laddies
80%
Maybe this time
70%
Tomorrow belongs to me
70%
I Don't Care Much
60%
So What?
60%
Married
40%
Perfectly Marvelous
40%
What Would You Do
40%
It Couldn't Please Me More
30%
Tomorrow belongs to me (Reprise)
30%
Willkommen (Reprise)
20%
Kickline
0%
No matching quizzes found
Score Distribution
Percent of People with Each Score
Percentile by Number Answered
Your Score History
You have not taken this quiz